00458nam a2200133Ia 4500008004100000082002000041100001800061245005900079260003600138300001000174942001200184999001900196952010900215210430s9999 xx 000 0 und d a620.112 H2331 H aJean Lemaitre aHandbook of Materials Behavior Models 1cJean Lemaitre aSan DiegobAcademic Pressc2001 a407p. cBK2ddc c563007d563007 001040708NFICaSCMEbSCMEcGENd0000-00-00l0o620.112 H2331 HpSCME-1895r2021-04-30w2021-04-30yBK